000 00629nam a2200229 i 4500
001 C2-0231706
003 PPAK
005 20180728084851.0
008 001129s1965 my |||| ||||| | may d
040 _aPPAK
_beng
_cPPAK
_erda
082 0 4 _a398.21
_223
090 0 0 _a398.21
_bFAR
_dKSI
100 0 _aFarid Mohd. Onn,
_eauthor
245 1 0 _aCheritera Seri Rama
264 1 _aKuala Lumpur :
_bDewan Bahasa dan Pustaka ,
_c1965
300 _axiii, 224 pages ;
_c18 cm
336 _2rdacontent
_atext
337 _2rdamedia
_aunmediated
338 _2rdacarrier
_avolume
650 1 0 _aFolk literature, Malay
942 _ddc
_cB
999 _c151071
_d151071